Ойланийн лар (Запись № 13432238)

Подробности
000 -МАРКЕР
контрольное поле 01514nam0a2200301 4500
001 - ИДЕНТИФИКАТОР ЗАПИСИ
контрольное поле RU\NLR\BIBL_A\022553707
005 - ИДЕНТИФИКАТОР ВЕРСИИ
контрольное поле 20250529142255.0
010 ## - МЕЖДУНАРОДНЫЙ СТАНДАРТНЫЙ НОМЕР КНИГИ (ISBN)
Номер (ISBN) 978-5-00204-923-3
Тираж 1000
021 ## - НОМЕР ГОСУДАРСТВЕННОЙ РЕГИСТРАЦИИ
Код страны Российская Федерация
Номер КН-П-24-078095
Номер Листа государственной регистраци КН-П-24-7807
035 ## - ДРУГИЕ СИСТЕМНЫЕ НОМЕРА
Идентификатор записи (NLR Aleph) 022553707
100 ## - ДАННЫЕ ОБЩЕЙ ОБРАБОТКИ
Данные общей обработки 20250529d2023 m y0rusy50 ca
101 0# - ЯЗЫК РЕСУРСА
Язык текста, звукозаписи и т.д. чеченский
102 ## - СТРАНА ПУБЛИКАЦИИ ИЛИ ПРОИЗВОДСТВА
Страна публикации Российская Федерация
105 ## - ПОЛЕ КОДИРОВАННЫХ ДАННЫХ: ТЕКСТОВЫЕ МАТЕРИАЛЫ, МОНОГРАФИЧЕСКИЕ
Кодированные данные о монографическом текстовом документе ac z 010gy
181 #0 - ПОЛЕ КОДИРОВАННЫХ ДАННЫХ: ВИД СОДЕРЖАНИЯ
Код вида содержания (ISBD) i
Код характеристики содержания (ISBD) axxe
182 #0 - ПОЛЕ КОДИРОВАННЫХ ДАННЫХ: ТИП СРЕДСТВА
Код типа средства (ISBD) n - непосредственное
200 1# - ЗАГЛАВИЕ И СВЕДЕНИЯ ОБ ОТВЕТСТВЕННОСТИ
Основное заглавие Ойланийн лар
Сведения, относящиеся к заглавию байтийн гулар
Первые сведения об ответственности Насрудин Ярычев
Последующие сведения об ответственности Нохчийн Республикин йаздархойн союз
203 ## - ВИД СОДЕРЖАНИЯ И ТИП СРЕДСТВА
Вид содержания Текст
Дополнительные сведения об издании визуальный
Тип средства непосредственный
210 ## - ПУБЛИКАЦИЯ, РАСПРОСТРАНЕНИЕ И ДР.
Место издания, распространения и т.д. Москва
Имя издателя, распространителя и т. д. Перо
Дата издания, распространения и т.д. 2023
215 ## - ФИЗИЧЕСКАЯ ХАРАКТЕРИСТИКА
Специфическое обозначение материала и объем 399 с.
Другие сведения о физической характеристике ил., портр.
Размеры 18
330 ## - РЕЗЮМЕ ИЛИ РЕФЕРАТ
Текст примечания В сборник стихов поэта и философа Насруди Ярычева вошли стихи, написанные на чеченском языке в разные годы. Творчество автора пронизано глубокой любовью к малой родине, в нем видятся чувства и любовь к матери. Стихи наполнны большой филосфией жизни.
541 1# - ПЕРЕВОД ЗАГЛАВИЯ, СДЕЛАННЫЙ КАТАЛОГИЗАТОРОМ
Заглавие [След мыслей
Сведения, относящиеся к заглавию сборник стихов]
Язык заглавия русский
686 1# - ИНДЕКСЫ ДРУГИХ КЛАССИФИКАЦИЙ
Индекс Ш6(2=Че)7-5
700 #1 - ИМЯ ЛИЦА - ПЕРВИЧНАЯ ОТВЕТСТВЕННОСТЬ
Начальный элемент ввода Ярычев
Часть имени, кроме начального элемента ввода Н. У.
Даты 1983-
Расширение инициалов личного имени Насруди Увайсович
Код отношения Автор
942 ## - ДОПОЛНИТЕЛЬНЫЕ ЭЛЕМЕНТЫ ЗАПИСИ (АБИС)
Тип экземпляра АБИС Книга
980 ## - КОЛЛЕКЦИЯ
Название коллекции Национальная библиография

Нет доступных экземпляров.